000 00924nam a2200241Ia 4500
003 OSt
005 20251021142629.0
008 220922b |||||||| |||| 00| 0 hin d
020 _a81814366067 (hbk)
037 _cTB
040 _aARTS
_cARTS
_bhin
041 _2hin
_ahin
084 _aO152v J8;P8.1-2
_qAL
100 _aमिश्र, विश्वनाथप्रसाद
_9158454
245 0 _aहिन्दी:
_bसाहित्य का अतीत
246 _aHindī - sāhitya kā atīta
250 _aद्वितीय
260 _aनयी दिल्ली:
_bवाणी प्रकाशन,
_c2006.
490 _vभाग 2
650 _aहिन्दी साहित्य
_9156264
942 _hO152v J8;P8.1-2
_cTB
_2CC
_n0
999 _c295565
_d295565